[Event "Winter Chess Classic-B 2018"]
[Site "Saint Louis"]
[Date "2018.11.05"]
[Round "1"]
[White "Andriasian, Zaven"]
[Black "Perelshteyn, Eugene"]
[Result "1/2-1/2"]
[WhiteElo "2603"]
[BlackElo "2493"]
[Annotator "TA"]
[PlyCount "63"]
[EventDate "2018.11.05"]
[EventType "tourn"]
[EventCountry "USA"]
[SourceTitle "playchess.com"]
[Source "ChessBase"]
[SourceQuality "1"]

{[%evp 23,63,28,31,-29,0,0,0,0,0,0,0,0,6,0,0,0,0,0,0,0,0,0,0,0,0,-7,-6,-7,-7,-6,0,0,0,0,0,-7,-7,-7,-7,-7,-7,-7]} 1. e4 c5 2. Nf3 Nc6 3. d4 cxd4 4. Nxd4 g6 5. Nc3 Bg7 6. Be3 Nf6 7. Bc4 Qa5 8. O-O O-O 9. Bb3 d6 10. h3 Bd7 11. Re1 Rac8 12. Qe2 Nh5 {LiveBook: 4 Games. B35: Sicilian: Accelerated Dragon with 5 Nc3: main line} (12... a6 13. Rad1 Qc7 14. Nd5 Nxd5 15. exd5 Ne5 16. Qd2 Rfe8 17. Bh6 Bf6 18. Bg5 Bg7 19. Bh6 Bf6 {½-½ (19) Brkic,A (2573)-Mamedov,R (2653) Sarajevo 2010}) 13. Nf5 $146 (13. Nxc6 $14 Bxc6 14. Rad1) ({Predecessor:} 13. Rad1 Nf4 14. Qf3 Ne6 15. Nde2 Ne5 16. Qg3 Nc4 17. Bc1 Rfe8 18. f4 Qc5+ 19. Kh1 Nd4 20. Nxd4 Bxd4 {½-½ (64) Sapozhnikov,R (2295)-Perelshteyn,E (2534) Toronto 2011}) 13... gxf5 (13... Bxc3 {seems wilder.} 14. Nh6+ Kg7 15. bxc3 Nf6 16. f3 Qxc3 17. Qf2 Be6) 14. Qxh5 {The position is equal.} f4 15. Qxa5 Nxa5 16. Bxf4 Rxc3 17. bxc3 Bxc3 18. e5 (18. Rad1 {is more complex.} Bxe1 19. Rxe1 Nxb3 20. axb3 f6 21. Ra1) 18... Bxa1 19. Rxa1 dxe5 20. Bxe5 Nxb3 21. axb3 $11 {[%mdl 4096] Endgame KRB-KRB} f6 22. Bd4 a6 23. f4 Kf7 24. c3 h5 25. Ra5 Kg6 26. Rc5 Rc8 27. Kf2 Rxc5 (27... Bc6 {looks sharper.} 28. g4 hxg4 29. hxg4 Rh8 30. f5+ Kf7) 28. Bxc5 e5 29. fxe5 fxe5 30. Ke3 Kf5 31. g4+ hxg4 32. hxg4+ {Precision: White = 50%, Black = 79%.} 1/2-1/2

[Event "Winter Chess Classic-B 2018"]
[Site "Saint Louis"]
[Date "2018.11.05"]
[Round "1"]
[White "Theodorou, Nikolas"]
[Black "Mikhalevski, Victor"]
[Result "1/2-1/2"]
[WhiteElo "2539"]
[BlackElo "2574"]
[Annotator "TA"]
[PlyCount "75"]
[EventDate "2018.11.05"]
[EventType "tourn"]
[EventCountry "USA"]
[SourceTitle "playchess.com"]
[Source "ChessBase"]
[SourceQuality "1"]

{[%evp 17,75,0,13,4,10,1,17,18,50,47,32,27,36,36,54,29,20,24,26,31,20,10,11,9,9,5,100,106,106,107,81,92,103,93,91,0,18,8,8,12,8,17,12,0,0,0,0,0,0,0,0,0,0,0,0,0,0,0,0,0]} 1. d4 Nf6 2. c4 g6 3. Nf3 Bg7 4. g3 O-O 5. Bg2 c6 6. O-O d5 7. Qb3 Qb6 8. Nc3 Rd8 9. Bd2 {D78: Fianchetto Grünfeld: 6 0-0 c6} Bf5 {LiveBook: 3 Games} (9... Be6 10. Na4 Qxb3 11. axb3 Nbd7 12. Rfc1 Ne4 13. Bb4 Nd6 14. e3 dxc4 15. bxc4 Nxc4 16. Bxe7 Re8 {½-½ (102) Rapport,R (2725)-Jones,G (2677) Douglas 2018}) 10. Na4 Qxb3 11. axb3 Na6 12. Rfc1 $146 h6 13. Ba5 Rdc8 14. Ne5 e6 15. b4 Bf8 16. b5 cxb5 17. cxb5 Nb4 $1 {[%cal Rb4c2] aiming for ...Nc2.} 18. Bxb4 Bxb4 19. Nc5 {[%cal Ba4c5,Bc5e4,Be4f6][%mdl 32]} Bd2 20. Rd1 $36 {[%mdl 2048] White fights for an advantage.} Bb4 21. Rac1 Rc7 (21... Kf8 $11 {keeps the balance.}) 22. Ne4 $16 Ne8 {[#]} 23. Nf6+ $1 {[%mdl 512]} Kf8 {White must now prevent ...Rxc1.} (23... Nxf6 24. Rxc7) 24. Nxe8 Rxc1 25. Rxc1 {And now Nf6 would win.} Rxe8 {[#]} 26. Ra1 (26. g4 $1 $16) 26... Re7 {The position is equal.} 27. g4 (27. Ra4 {feels hotter.} Bd6 28. g4 Bc2 29. Rxa7 f6 30. Nf3) 27... Bc2 28. Rxa7 f6 29. Nf3 g5 30. h3 b6 31. Ra8+ Kf7 32. Rb8 Ra7 33. Rxb6 Ra2 34. Rb7+ Ke8 35. Rb6 Kd7 36. Rb7+ Ke8 37. Rb6 Kd7 38. Rb7+ {Precision: White = 62%, Black = 51%.} 1/2-1/2

[Event "Winter Chess Classic-B 2018"]
[Site "Saint Louis"]
[Date "2018.11.05"]
[Round "1"]
[White "Van Foreest, Lucas"]
[Black "Hakobyan, Aram"]
[Result "1-0"]
[WhiteElo "2499"]
[BlackElo "2565"]
[Annotator "TA"]
[PlyCount "71"]
[EventDate "2018.11.05"]
[EventType "tourn"]
[EventCountry "USA"]
[SourceTitle "playchess.com"]
[Source "ChessBase"]
[SourceQuality "1"]

{[%evp 17,71,2,30,22,16,22,22,11,24,14,7,25,27,17,26,14,116,112,89,93,228,240,248,249,242,95,104,104,91,104,148,144,195,204,181,192,191,218,253,272,256,258,502,485,476,495,489,488,702,702,675,261,652,669,940,702]} 1. e4 e5 2. Nf3 Nc6 3. Bc4 Bc5 4. O-O d6 5. c3 Nf6 6. d3 a6 7. a4 {C54: Giuoco Piano: 4 c3 Nf6, main lines with 5 d4 and 5 d3} Ba7 8. Re1 O-O 9. h3 b5 {LiveBook: 14 Games} 10. Ba2 b4 11. d4 Rb8 $146 ({Predecessor:} 11... bxc3 12. bxc3 Re8 13. Be3 h6 {½-½ (23) Karjakin,S (2773)-Aronian,L (2809) Saint Louis 2017}) 12. Be3 bxc3 13. bxc3 exd4 14. cxd4 Nb4 ({Avoid the trap} 14... Nxe4 $2 15. Bd5 $18) 15. Nc3 Nxa2 16. Rxa2 d5 (16... h6 $11 {keeps the balance.}) 17. Bg5 $1 $16 dxe4 18. Nxe4 Qd5 (18... Bf5 $16) 19. Nxf6+ $18 gxf6 20. Bxf6 {Hoping for Re5.} Qxa2 21. Qc1 {[#]} (21. Ne5 $1 $18 {[%cal Re5c6] is the precise move to win.} Rb6 22. Ng4 Rxf6 23. Nxf6+ Kg7 24. Qh5) 21... Qb1 $1 $16 {[%mdl 512]} 22. Qxb1 Rxb1 23. Rxb1 Bb6 24. Re1 a5 (24... h6 $16 25. Re5 a5) 25. Re3 $18 {Nh4 is the strong threat.} h6 26. Ne5 $1 {Intending Rg3+ and mate.} Kh7 {[#]} 27. Nc6 $1 {And now Rg3 would win.} Kg6 {[#]} 28. Rf3 $1 Bf5 29. Be5 Bd7 $2 (29... Be4 {was necessary.}) 30. Ne7+ Kh7 31. Bf6 Re8 32. Rg3 {Threatening mate with Rg7+.} h5 (32... Rxe7 $142 33. Rg7+ Kh8) 33. Rg7+ Kh6 34. Ng8+ Rxg8 35. Rxg8 Bxa4 36. f4 {Precision: White = 100%, Black = 53%.} 1-0

[Event "Winter Chess Classic-B 2018"]
[Site "Saint Louis"]
[Date "2018.11.05"]
[Round "1"]
[White "Kevilshvili, Robby"]
[Black "Benjamin, Joel"]
[Result "1/2-1/2"]
[WhiteElo "2461"]
[BlackElo "2526"]
[Annotator "TA"]
[PlyCount "105"]
[EventDate "2018.11.05"]
[EventType "tourn"]
[EventCountry "USA"]
[SourceTitle "playchess.com"]
[Source "ChessBase"]
[SourceQuality "1"]

{[%evp 25,105,22,33,24,30,27,47,13,23,0,39,39,33,33,49,35,42,36,48,22,35,35,35,35,41,35,35,35,35,35,35,6,5,3,3,0,16,0,0,0,4,4,17,16,18,20,25,14,40,27,35,35,37,27,27,27,27,20,20,20,41,37,45,36,38,33,42,27,27,27,27,27,27,27,27,27,27,0,31,0,30,0]} 1. e4 e5 2. Nf3 Nc6 3. Bb5 a6 4. Ba4 Nf6 5. O-O Be7 6. Re1 b5 7. Bb3 O-O 8. c3 d6 9. d4 Bg4 10. Be3 Bh5 11. Nbd2 Na5 {C91: Closed Ruy Lopez: 7...d6 8 c3 0-0 9 d4} 12. dxe5 (12. Bc2 Ng4 13. Qe2 Nxe3 14. Qxe3 Bxf3 15. Nxf3 Nc4 16. Qc1 Bf6 17. a4 b4 18. cxb4 exd4 19. Bd3 {½-½ (48) Nepomniachtchi,I (2742)-Svidler,P (2749) Saint Louis 2017}) 12... dxe5 13. h3 Nxb3 {LiveBook: 8 Games. The position is equal.} 14. axb3 {[#]} Bd6 $146 ({Predecessor:} 14... Qc8 15. g4 Nxg4 16. hxg4 Qxg4+ 17. Kh2 Rfd8 18. Rg1 Rxd2 19. Qxd2 Qxf3 {0-1 (63) Van Foreest,J (2640)-Van den Doel,E (2593) Amsterdam 2018}) 15. b4 Qe7 16. Qc2 Nd7 17. Nh2 f6 18. Nhf1 Bf7 19. Nb3 Qe6 20. Ra3 Rfc8 21. Rea1 Bf8 22. Nc5 Bxc5 23. Bxc5 Qc6 24. Be3 Nf8 25. Nd2 Rd8 26. Nb3 Ne6 27. Na5 Qe8 28. Nb7 Rdb8 29. Nc5 Nxc5 30. Bxc5 Qc6 31. f3 Rd8 32. Qf2 Be6 33. Kh2 Bc8 34. Qe2 Bb7 35. c4 Qd7 36. cxb5 Qxb5 37. Qc2 Qd7 38. Rc3 Rac8 39. Rc1 Qe6 40. Be3 Rd7 41. Qa4 c6 42. Bb6 h6 43. Rd1 Re8 44. Rxd7 Qxd7 45. Qb3+ (45. Qc2 {looks sharper.} Qf7 46. Rd3 Re7 47. Qd2 Bc8 48. Rd8+) 45... Qf7 46. Qxf7+ Kxf7 $14 {[%mdl 4096] Endgame KRB-KRB} 47. Rd3 Bc8 48. Kg3 Re7 49. Rd6 Re6 50. Rd8 Re8 51. Rd6 Re6 52. Rd8 Re8 53. Rd6 {Precision: White = 65%, Black = 62%.} 1/2-1/2

[Event "Winter Chess Classic-B 2018"]
[Site "Saint Louis"]
[Date "2018.11.06"]
[Round "2"]
[White "Gareyev, Timur"]
[Black "Theodorou, Nikolas"]
[Result "1/2-1/2"]
[WhiteElo "2584"]
[BlackElo "2539"]
[Annotator "TA"]
[PlyCount "68"]
[EventDate "2018.11.05"]
[EventType "tourn"]
[EventCountry "USA"]
[SourceTitle "playchess.com"]
[Source "ChessBase"]
[SourceQuality "1"]

{[%evp 16,68,0,0,0,1,41,12,37,54,120,112,97,95,102,103,184,179,177,182,176,49,64,-78,-63,-60,-62,-43,78,97,94,91,91,93,93,103,99,87,103,101,75,0,0,0,32,0,0,0,0,0,0,0,0,0,0]} 1. d4 Nf6 2. c4 g6 3. Nc3 Bg7 4. e4 d6 5. Be2 O-O 6. Nf3 e5 7. Bg5 {[%cal Bc1g5,Bg5h4,Bh4g3,Bg3f2][%mdl 32]} h6 8. Bh4 exd4 9. Nxd4 {LiveBook: 10 Games} g5 {E92: King's Indian: Classical: 6 Be2 e5: 7 dxe5, 7 Be3 and Petrosian System without 7...Nbd7} (9... Nc6 10. Nc2 g5 11. Bg3 Re8 12. f3 Nh5 13. Qd2 f5 14. O-O-O Qf6 15. Ne3 fxe4 16. Ned5 Qd8 17. Nxe4 {0-1 (58) Peek,M (2291)-Zanan,E (2497) Teplice 2018}) 10. Bg3 Re8 11. f3 Nc6 {And now ...Nxd4 would win.} 12. Bf2 $146 ({Predecessor:} 12. Nc2 Nh5 13. Qd2 Nxg3 14. hxg3 a5 15. O-O-O a4 16. f4 a3 17. Nxa3 Rxa3 18. bxa3 {1-0 (69) Maksimovic,B (2375)-Popovic,Z (2255) Niska Banja 1996}) 12... Ne5 (12... Nh5 $14) 13. h4 g4 14. Qd2 $1 a6 15. O-O-O b5 (15... c5 $16) 16. cxb5 $18 axb5 17. Bxb5 Bd7 18. f4 ({White should try} 18. Bxd7 $18 Qxd7 19. Nf5) 18... c5 $14 19. Nf5 (19. fxe5 $14 {is the one way to stay ahead.} cxd4 20. Qxd4 (20. exf6 dxc3 21. bxc3 Bxf6 $17) (20. Bxd4 dxe5 21. Bxd7 Qxd7 $11) 20... dxe5 21. Qe3) 19... Nxe4 $1 $17 20. Nxe4 Bxf5 21. Nxd6 Qb6 {[#]} (21... Rxa2 $15 {stays ahead.} 22. Nxf5 Qb8) 22. Qd5 $1 $36 {[%mdl 2048] White has strong initiative.} Nd3+ 23. Rxd3 Bxd3 24. Qxf7+ (24. Nxe8 Bxb2+ 25. Kxb2 (25. Kd1 $2 Rd8 $19) 25... Qxb5+ 26. Ka1 Rxe8 $17) (24. Bxd3 Qxb2+ 25. Kd1 Qa1+ 26. Kc2 Rxa2+ 27. Qxa2 Qxa2+ 28. Kd1 Qa1+ 29. Bb1 Qxb1+ 30. Kd2 Qb2+ 31. Kd1 Re2 32. Bxc5 Qd2#) ({Worse is} 24. Qxd3 Red8 $17) 24... Kh8 {aiming for ...Bxb2+!} 25. Nxe8 {[%csl Ge8][%cal Rf7g7]} Bxb2+ 26. Kxb2 {[%csl Ge8][%cal Rf7g7]} Qxb5+ {[#]} 27. Ka1 $1 {[%csl Ge8][%cal Rf7g7]} Qxe8 28. Qd5 (28. Qxe8+ $16 Rxe8 29. Bxc5) 28... Qe4 29. Qxc5 Qc4 {[%csl Gc4][%cal Ra8a2]} 30. Qe5+ Kh7 {[%csl Gc4][%cal Ra8a2] The position is equal.} 31. Qb2 Rxa2+ 32. Qxa2 Qc3+ 33. Qb2 Qa5+ 34. Qa2 Qc3+ {Precision: White = 46%, Black = 54%.} 1/2-1/2

[Event "Winter Chess Classic-B 2018"]
[Site "Saint Louis"]
[Date "2018.11.06"]
[Round "2"]
[White "Hakobyan, Aram"]
[Black "Mikhalevski, Victor"]
[Result "1-0"]
[WhiteElo "2565"]
[BlackElo "2574"]
[Annotator "TA"]
[PlyCount "51"]
[EventDate "2018.11.05"]
[EventType "tourn"]
[EventCountry "USA"]
[SourceTitle "playchess.com"]
[Source "ChessBase"]
[SourceQuality "1"]

{[%evp 12,51,0,14,20,0,7,11,19,0,11,4,15,22,19,19,23,0,0,0,102,113,110,113,104,107,29986,505,522,519,517,495,495,495,986,991,964,739,29992,29993,29997,29996]} 1. d4 Nf6 2. Bg5 d5 3. e3 c5 4. Bxf6 gxf6 5. dxc5 e6 6. Nf3 {D00: 1 d4 d5: Unusual lines} Bxc5 7. Be2 {LiveBook: 7 Games} Qb6 $146 ({Predecessor:} 7... Nc6 8. O-O O-O 9. c4 dxc4 10. Qa4 Qe7 11. Qxc4 b6 12. Nc3 Bb7 13. Qh4 Nb4 14. Rfd1 Rfd8 15. a3 Nd5 16. Nxd5 Rxd5 17. b4 Bd6 18. e4 Rxd1+ 19. Rxd1 Kg7 20. e5 {½-½ (20) Shimanov,A (2626)-Lenderman,A (2626) Saint Louis 2018}) 8. Qc1 {The position is equal.} Nc6 9. O-O O-O 10. Nbd2 {[%cal Bb1d2,Bd2e4,Be4f6][%mdl 32]} Rd8 11. e4 Bf8 12. exd5 Rxd5 13. Ne4 Bg7 14. c4 Rd8 15. Qc3 Qc7 (15... e5 $11 16. c5 Qc7) 16. Nxf6+ $16 Kh8 {[#] Strongly threatening ...Qe7.} 17. Ng5 $1 {Threatening mate with Qc2.} Nd4 {[#]} 18. Qh3 $1 $40 {[%csl Gf6,Gg5][%cal Rh3h7][%mdl 128] White attacks with force.} Nxe2+ $4 {[%mdl 8192]} (18... h6 $16 {is more resistant.} 19. Rfe1 Qe7) 19. Kh1 $18 {[%csl Gf6,Gg5][%cal Rh3h7]} h6 20. Rad1 {Rxd8+ would kill now.} Bxf6 21. Qxh6+ Kg8 22. Qxf6 Rf8 (22... Rd4 $142 23. Rxd4 Nxd4 24. Qxd4 e5) 23. f4 {[%cal Bf2f4,Bf4e5][%mdl 32]} e5 24. fxe5 {And now Qh6 would win.} Qb6 25. Rd6 Qa5 26. Nxf7 {Precision: White = 79%, Black = 30%.} 1-0

[Event "Winter Chess Classic-B 2018"]
[Site "Saint Louis"]
[Date "2018.11.06"]
[Round "2"]
[White "Benjamin, Joel"]
[Black "Andriasian, Zaven"]
[Result "1/2-1/2"]
[WhiteElo "2526"]
[BlackElo "2603"]
[Annotator "TA"]
[PlyCount "94"]
[EventDate "2018.11.05"]
[EventType "tourn"]
[EventCountry "USA"]
[SourceTitle "playchess.com"]
[Source "ChessBase"]
[SourceQuality "1"]

{[%evp 16,94,27,30,66,60,45,58,58,64,60,0,35,37,32,33,57,53,42,46,49,42,47,38,23,0,0,0,0,0,0,0,0,0,0,0,0,-12,-8,-19,0,-39,0,-2,-13,-13,0,0,0,0,14,6,14,23,59,33,65,72,56,0,0,0,0,-18,-18,-24,-33,-136,0,-37,0,0,0,-8,-8,-12,0,0,0,-41,-41]} 1. e4 c5 2. Nf3 d6 3. Bb5+ Nc6 4. O-O Bd7 5. Re1 Nf6 6. h3 g6 7. c3 {B51: Sicilian: Moscow Variation (3 Bb5+) without 3...Bd7} Bg7 8. d4 O-O 9. Bf1 {LiveBook: 12 Games. White has an edge.} Rc8 10. e5 dxe5 11. d5 Na5 12. Nxe5 b5 $146 ({Predecessor:} 12... Ne8 13. Bf4 Nd6 14. Nd2 b5 {0-1 (24) Vidit,S (2718)-Andriasian,Z (2591) chess.com INT 2018}) 13. d6 ({White should play} 13. Bg5 $14) 13... e6 14. Bg5 h6 15. Bh4 c4 16. Nd2 g5 17. Bg3 Nb7 18. a4 ({Much weaker is} 18. Nxd7 Qxd7 19. a4 a6 $11) 18... a6 19. axb5 axb5 20. Ne4 Nxe4 21. Rxe4 Bc6 22. Rd4 Bd5 $1 23. d7 Rc7 24. Rxd5 (24. b3 {with more complications.} cxb3 25. Rxd5 b2 26. Nxf7 Rxf7 27. Ra8) 24... exd5 25. Qxd5 Bxe5 26. Qxe5 Rxd7 27. Qxb5 Nd6 28. Qd5 (28. Qc6 $5 {[%cal Ra1d1]} Qe7 29. Rd1 $11) 28... Qe7 29. Rd1 {[%cal Rg3d6]} Rfd8 30. Rd4 $1 Ne8 31. Qxc4 Rxd4 32. cxd4 Nd6 33. Qc5 Qe6 34. Qb6 Qe7 35. Bd3 h5 36. h4 $1 {[%cal Rh4g5]} gxh4 37. Be5 (37. Bf4 $1 $14) 37... f6 $11 38. Bf4 {Qc5 is the strong threat.} Nf7 39. Kh2 Kg7 40. Bc4 Ng5 41. Bd3 (41. d5 $15 Nf7 42. f3) 41... Nf7 (41... Ne6 $17 42. Be3 {[#]} Nxd4 $1 {[%mdl 512]}) 42. b4 Nh6 (42... h3 $5) 43. f3 Nf7 44. b5 Qd7 45. Be4 h3 46. Qc5 {[#] Strongly threatening b6.} hxg2 47. Kxg2 {aiming for b6.} (47. b6 $5 {[%cal Rh2g2]} Qh3+ 48. Kxh3 $11) 47... Qxd4 {Precision: White = 56%, Black = 54%.} 1/2-1/2

[Event "Winter Chess Classic-B 2018"]
[Site "Saint Louis"]
[Date "2018.11.06"]
[Round "2"]
[White "Van Foreest, Lucas"]
[Black "Kevilshvili, Robby"]
[Result "1-0"]
[WhiteElo "2499"]
[BlackElo "2461"]
[Annotator "TA"]
[PlyCount "93"]
[EventDate "2018.11.05"]
[EventType "tourn"]
[EventCountry "USA"]
[SourceTitle "playchess.com"]
[Source "ChessBase"]
[SourceQuality "1"]

{[%evp 26,92,34,18,45,29,47,27,61,58,0,0,117,123,118,123,121,102,88,23,23,17,17,24,50,50,78,74,78,71,80,73,127,127,137,97,132,120,114,95,82,113,168,161,347,340,461,325,401,347,386,387,354,356,547,547,29985,29986,29991,29990,29990,29991,29991,29992,29997,29998,29998,29999,29999]} 1. d4 d5 2. c4 c6 3. Nf3 Nf6 4. cxd5 cxd5 5. Nc3 Nc6 6. Bf4 Nh5 7. Bd2 e6 8. e3 Nf6 9. Bd3 Bd6 10. O-O O-O 11. e4 dxe4 12. Nxe4 Be7 13. Qe2 Bd7 {B14: Caro-Kann: Panov-Botvinnik Attack with 5...e6 and 5...g6} 14. Rfd1 {LiveBook: 3 Games} Rc8 15. Rac1 $146 ({Predecessor:} 15. a3 Re8 16. Nxf6+ Bxf6 17. Qe4 g6 18. Bc3 Bg7 19. Rac1 Rc7 20. Qf4 Ne7 21. Ne5 {0-1 (107) Devereaux,M (2345)-Berkes,F (2687) Reykjavik 2014}) 15... Re8 {White has an edge.} 16. Bb1 Qb6 17. Nxf6+ Bxf6 18. Ne5 Re7 (18... Bxe5 $1 $11 {remains equal.} 19. dxe5 Qxb2) 19. Be3 $1 $16 Qd8 {[#]} 20. Ng4 $1 {[%cal Rg4f6]} Re8 21. Nxf6+ Qxf6 22. Qg4 (22. Qb5 $16) 22... Qe7 $11 23. Qh5 g6 24. Qf3 b6 25. Be4 $36 {[%cal Re4c6][%mdl 2048] White has some pressure.} Na5 26. b3 Rxc1 27. Bxc1 f5 28. Bd3 Bc6 (28... Qh4 $142) 29. Qg3 $16 Bd5 30. h4 Nc6 31. Bb5 Rc8 32. Bh6 {[%cal Bc1h6,Bh6f4,Bf4e5][%mdl 32]} Qc7 {Black wants to play ...Qxg3.} 33. Bf4 Qf7 (33... Qg7 $16) 34. Rc1 $18 h5 $2 (34... Qb7) 35. Qg5 Kh7 36. Qh6+ Kg8 37. Be5 {[%csl Ge5][%cal Rh6h8]} Qh7 38. Qg5 Qf7 39. f3 Kh7 {[#]} (39... Kf8 {is a better defense.} 40. Qh6+ Ke8) 40. Rxc6 $1 {[%mdl 512]} Rxc6 {[#]} 41. Qd8 $1 {[%csl Ge5][%cal Rd8h8] White mates.} g5 42. Bxc6 Bxc6 43. Qh8+ Kg6 44. hxg5 Kxg5 {[#]} 45. Bf4+ $1 {[%mdl 512]} Kxf4 46. Qh6+ Kg3 47. Qg5# {Precision: White = 75%, Black = 43%.} 1-0

[Event "Winter Chess Classic-B 2018"]
[Site "Saint Louis"]
[Date "2018.11.06"]
[Round "2"]
[White "Perelshteyn, Eugene"]
[Black "Ali Marandi, Cemil Can"]
[Result "1-0"]
[WhiteElo "2493"]
[BlackElo "2552"]
[Annotator "TA"]
[PlyCount "83"]
[EventDate "2018.11.05"]
[EventType "tourn"]
[EventCountry "USA"]
[SourceTitle "playchess.com"]
[Source "ChessBase"]
[SourceQuality "1"]

{[%evp 14,83,26,18,56,47,49,57,55,46,67,57,49,34,39,44,85,99,101,25,77,85,97,93,292,0,25,18,30,42,44,43,35,44,33,35,35,30,43,36,196,204,226,196,226,225,239,239,248,229,355,298,286,265,358,356,360,356,405,368,29990,29991,29993,29994,29994,29993,29993,29994,29994,1909,29991,29992]} 1. d4 d5 2. c4 c6 3. cxd5 cxd5 4. Nc3 Nf6 5. Bg5 e6 6. e3 Be7 7. Bd3 Nc6 8. Nf3 {LiveBook: 23 Partien} Nh5 {D13: Damengambit (Slawische Verteidigung, Abtauschvariante)} (8... O-O 9. O-O Bd7 10. a3 Rc8 11. Rc1 Ne8 12. Bf4 Nd6 13. Na4 Nc4 14. Bxc4 dxc4 15. Nc5 Na5 16. Nxd7 Qxd7 17. Ne5 Qd5 18. Qg4 Kh8 19. Qh5 Kg8 20. Qg4 Kh8 21. Qh5 Kg8 22. Qg4 {½-½ (22) Chigaev,M (2577)-Pridorozhni,A (2564) Ekaterinburg 2018}) 9. Bxe7 Qxe7 10. O-O Bd7 $146 {Weiß steht etwas besser.} ({Vorgänger:} 10... O-O 11. Ne5 g6 12. Nxc6 bxc6 13. Na4 Ng7 14. Rc1 Bd7 15. Nc5 {½-½ (59) Cosma,I (2467)-Vladescu,V (1941) Bucharest 2007}) 11. Ne5 Nxe5 12. dxe5 g6 $1 13. Be2 Ng7 $1 14. e4 Bc6 15. exd5 exd5 16. Bf3 (16. Nxd5 $16 Qxe5 17. Re1) 16... O-O (16... O-O-O $1 $11) 17. Nxd5 $16 Qxe5 18. Re1 Qxb2 $2 (18... Qg5 $16 {ist wohl besser.}) 19. Re2 $2 (19. Rb1 $18 Qa3 20. Ne7+ Kh8 21. Bxc6 (21. Nxc6 bxc6 22. Bxc6 Rad8 $11) 21... bxc6 22. Qc2 (22. Nxc6 Qxa2 23. Rb7 Kg8 $11)) 19... Qb5 20. Nc7 Qa5 21. Nxa8 {Lxc6 ist eine echte Drohung.} Bxf3 22. gxf3 Qg5+ 23. Kh1 {[#] Droht Sc7 und aus.} Rxa8 24. Qb3 $36 {[%mdl 2048] Weiss hat gut koordiniertes Spiel.} b6 25. Qe3 Qf6 26. Rc1 Re8 $2 (26... Ne6 $14) 27. Qc3 $18 Qf5 28. Rxe8+ Nxe8 {[%mdl 4096] Endspiel KDT-KDS} 29. Qc6 Kf8 30. Qe4 Qb5 31. Qd4 f6 (31... Kg8 $142 32. h4 Qf5) 32. Qe3 Qd7 33. Kg2 Kf7 34. Qb3+ Kg7 35. Rd1 Qc6 36. Qd5 Qc2 $2 (36... Qxd5 $18 37. Rxd5 g5 38. Rd7+ Kg6 39. Rxa7 Nd6) 37. Qd7+ Kh6 38. Qh3+ Kg5 {[#]} 39. f4+ $1 {[%mdl 512]} Kxf4 40. Rd4+ Kg5 41. Rg4+ Kf5 42. Rc4+ {Precision: Weiß = 68%, Schwarz = 26%.} 1-0

[Event "Winter Chess Classic-B 2018"]
[Site "Saint Louis"]
[Date "2018.11.07"]
[Round "3"]
[White "Andriasian, Zaven"]
[Black "Van Foreest, Lucas"]
[Result "1/2-1/2"]
[WhiteElo "2603"]
[BlackElo "2499"]
[Annotator "TA"]
[PlyCount "75"]
[EventDate "2018.11.05"]
[EventType "tourn"]
[EventCountry "USA"]
[SourceTitle "playchess.com"]
[Source "ChessBase"]
[SourceQuality "1"]

{[%evp 21,75,0,-12,-23,-24,-18,-16,-10,-1,-10,-3,-3,-2,-8,-5,-29,68,68,64,65,47,47,60,63,82,26,25,25,33,28,29,16,16,16,22,22,22,16,18,9,9,9,10,10,31,31,49,22,22,22,42,0,31,0,40,0]} 1. e4 e5 2. Nf3 Nc6 3. Bc4 Nf6 4. d3 Bc5 5. O-O O-O 6. Nbd2 d6 7. c3 {[%cal Bc2c3,Bc3d4,Bd4d5][%mdl 32]} Ne7 {C54: Giuoco Piano: 4 c3 Nf6, main lines with 5 d4 and 5 d3} (7... a5 8. h3 h6 9. Re1 Be6 10. Bb5 Qb8 11. Nf1 Qa7 12. Be3 Bxe3 13. Nxe3 Ne7 14. Ba4 Ng6 15. Bc2 {½-½ (27) Dominguez Perez,L (2739)-Nakamura,H (2777) Saint Louis 2018}) 8. d4 exd4 9. cxd4 Bb6 10. Bd3 Bg4 11. h3 Bh5 {LiveBook: 13 Games} 12. Re1 Nc6 13. g4 Bg6 14. d5 $1 {[%cal Rd5c6]} Nb4 $146 ({Predecessor:} 14... Ne5 15. Nxe5 dxe5 {1-0 (72) Egin,V (2395)-Tokhirjonova,G (2181) Tashkent 2015}) 15. Bb1 Re8 16. a3 Na6 17. b4 $36 {[%mdl 2048] White has the initiative.} Nb8 18. Bb2 c6 (18... Nbd7 $11) 19. Nc4 $1 $14 cxd5 20. Nxb6 axb6 21. exd5 Rxe1+ 22. Qxe1 Na6 23. Bxg6 (23. Nh4 $16) 23... hxg6 $11 24. Rd1 Nc7 25. Qc3 Qd7 26. Ng5 Re8 27. Qf3 Qe7 28. Kg2 b5 29. h4 Qe2 30. Bxf6 gxf6 31. Qxe2 Rxe2 {[%mdl 4096] Endgame KRN-KRN} 32. Nf3 Re4 33. Rd4 Re2 34. Kg3 Kg7 35. Rd3 Re4 36. Rd4 Re2 37. Rd3 Re4 38. Rd4 {Precision: White = 61%, Black = 71%.} 1/2-1/2